Statistics for Presidential Medal of Freedom with Distinction

Click here to take the quiz!

General Stats

  • This quiz has been taken 21 times
  • The average score is 7 of 27

Answer Stats

YearRecipientPresidentArea of Renown% Correct
2017Joseph R. Biden Jr.Barack ObamaU.S. Vice President
88%
1993Ronald ReaganGeorge H.W. BushU.S. President
75%
1969Edwin "Buzz" AldrinRichard NixonSpace Exploration
69%
1969Neil ArmstrongRichard NixonSpace Exploration
63%
2004Pope John Paul IIGeorge W. BushReligion
56%
1993General Colin PowellBill ClintonMilitary
50%
1969Michael CollinsRichard NixonSpace Exploration
25%
1977Donald RumsfeldGerald FordCabinet Member
19%
1976Martha GrahamGerald FordDance
19%
1963Allied High Commissioner John J. McCloyLyndon B. JohnsonPolitics
13%
1976Arthur RubinsteinGerald FordMusic
13%
1963Associate Justice Felix FrankfurterLyndon B. JohnsonLaw
13%
1987Caspar WeinbergerRonald ReaganCabinet Member
13%
1969Clark CliffordRichard NixonCabinet Member
13%
1976David K. E. BruceGerald FordDiplomacy
13%
1964Dean AchesonLyndon B. JohnsonCabinet Member
13%
1969Dean RuskRichard NixonCabinet Member
13%
1964Edward R. MurrowLyndon B JohnsonJournalism
13%
1967Ellsworth BunkerLyndon B. JohnsonDiplomacy
13%
1963Ellsworth BunkerLyndon B. JohnsonDiplomacy
13%
1963Governer Luis Muñoz MarínJohn F. KennedyPolitics
13%
1963James Bryant ConantJohn F. KennedyEducation
13%
1963Jean MonnetLyndon B. JohnsonPolitics
13%
1963Ralph J. BuncheLyndon B. JohnsonDiplomacy
13%
1964Representative Carl VinsonLyndon B. JohnsonMember of Congress
13%
1963Robert A. LovettJohn F. KennedyCabinet Member
13%
1969Averell HarrimanRichard NixonCabinet Member
6%

Score Distribution

Percentile by Number Answered

Percent of People with Each Score

Your Score History

You have not taken this quiz